Statistics for Civil Rights Movement Quiz

Click here to take the quiz!

General Stats

  • This quiz has been taken 878 times
  • The average score is 6 of 12

Answer Stats

HintAnswer% Correct
Who is seen as the leader of the civil rights movement in the '50s and '60s?Martin Luther King
96%
Woman who refused to stand up for a white passengerRosa Parks
82%
What year was the I have a dream speech?1963
61%
Here was the I have a dream speech heldWashington
57%
What year was the voting rights act created?1965
53%
What act was created in 1964?Civil Rights act
47%
These 9 colored students went to a white school, how are they called?Little Rock Nine
43%
What is the name of the 14-year old murdered boy in 1955?Emmett Till
42%
People from the movement would go and sit on a white spot and refused to leave, how is this action called?Sit-ins
34%
When was the NAACP founded?1909
23%
Separate but nog equalJim Crow laws
14%
NAACP stands for whatNational Association for the Advancement of Colored People
0%

Score Distribution

Percentile by Number Answered

Percent of People with Each Score

Your Score History

You have not taken this quiz